000 00484nam a2200133Ia 4500
008 100328s9999 xx 000 0 und d
082 _b74274
100 _aसेवेकर सुधीर.
245 _aरतन टाटा (कॉर्पोरेट आयडल)
260 _bसाकेत.
630 _aरतन टाटा (कॉर्पोरेट आयडल)
730 _aरतन टाटा (कॉर्पोरेट आयडल)
942 _cBOOK
999 _c559995
_d559992